WWE Royal Rumble 2018 Entrants - Statistics

General Stats
  • This quiz has been taken 11 times
  • The average score is 34 of 60
Answer Stats
Draw Brand Men's Rumble % Correct
8 Raw Bray Wyatt
91%
30 SmackDown Dolph Ziggler
91%
24 SmackDown Randy Orton
91%
9 SmackDown Big E
82%
20 Unaffiliated John Cena
82%
16 SmackDown Kofi Kingston
82%
27 Unaffiliated Rey Mysterio
82%
10 SmackDown Sami Zayn
82%
18 Raw Seth Rollins
82%
14 SmackDown Shinsuke Nakamura
82%
12 SmackDown Xavier Woods
82%
2 SmackDown Becky Lynch
73%
2 Raw Finn Bálor
73%
28 Raw Roman Reigns
73%
11 Raw Sheamus
73%
23 NXT Adam Cole
64%
25 Raw Asuka
64%
4 SmackDown Baron Corbin
64%
15 Raw Cesaro
64%
5 Raw Heath Slater
64%
17 SmackDown Jinder Mahal
64%
11 SmackDown Liv Morgan
64%
20 SmackDown Naomi
64%
18 SmackDown Natalya
64%
22 Raw Nia Jax
64%
1 SmackDown Rusev
64%
1 Raw Sasha Banks
64%
26 Raw The Miz
64%
30 Unaffiliated Trish Stratus
64%
22 SmackDown Aiden English
55%
28 Unaffiliated Brie Bella
55%
17 SmackDown Carmella
55%
6 Raw Elias
55%
5 Unaffiliated Lita
55%
27 Unaffiliated Nikki Bella
55%
3 Raw Rhyno
55%
15 SmackDown Ruby Riott
55%
3 SmackDown Sarah Logan
55%
7 SmackDown Tamina
55%
7 NXT Andrade "Cien" Almas
45%
24 Unaffiliated Beth Phoenix
45%
23 NXT Ember Moon
45%
29 Raw Goldust
45%
13 SmackDown Lana
45%
19 Raw Matt Hardy
45%
14 Unaffiliated Michelle McCool
45%
29 Raw Bayley
36%
8 Raw Dana Brooke
36%
19 Unaffiliated Kelly Kelly
36%
4 Raw Mandy Rose
36%
26 Raw Mickie James
36%
12 Unaffiliated Molly Holly
36%
10 Raw Sonya Deville
36%
25 Raw Titus O'Neil
36%
13 Raw Apollo Crews
27%
21 Unaffiliated The Hurricane
27%
9 Unaffiliated Torrie Wilson
27%
16 Unaffiliated Vickie Guerrero
27%
21 Unaffiliated Jacqueline
18%
6 NXT Kairi Sane
18%
No matching quizzes found
Score Distribution
Percent of People with Each Score
Percentile by Number Answered
Your Score History
You have not taken this quiz